01215nam a2200277 a 4500001001000000005001700010008004100027041000800068044000800076084002100084100004500105245011300150260004000263300004200303500012200345500009600467500006400563500001000627546002400637650005200661650005600713650003400769650004500803700003900848740005000887BRCA_318220190320204142.0160209s1652----enk#---###---#000-0#eng-u aeng aenk a481b.H634c16521 aCervantes Saavedra, Miguel ded1547-161610aThe History of the Valorous and Witty-Knight Errant Don Quixote of the ManchacMiguel de Cervantes Saavedra. aLondresbRichard Hodgkinsonnec1652 a1 v. (en varias paginaciones)c29 cm. aContenido : Primera parte. Prólogo del autor. Versos preliminares. Texto. Segunda parte. Prólogo del autor. Texto aEdición : Trasleted out of the Spanish by Thomas Shelton. Now newly corrected and Amended aEjemplar enteramente igual al LO-480. Piel Lúdovik Osterc aQM399 aTexto en : inglés14aNovela españolayÉpoca clásica, 1500-170014aLiteratura españolayÉpoca clásica, 1500-170014aNovela españolaySiglo XVII14aDon Quijote (Personaje ficticio)eNovela1 aShelton, Thomasd?-1626eTraductor0 aEl Ingenioso Hidalgo Don Quijote de la Mancha